000 00613nam a2200217 a 4500
999 _c715
_d715
008 191016b a|||g |||| 00| 0 eng d
020 _a9780761974130
_c£ 29.99
040 _aKO
_beng
041 0 _aeng
044 _axxk
082 0 4 _223
_a658.4012
_bM4594
245 1 0 _aStrategy for Business :
_bA Reader /
_cedited by Mariana Mazzucato
260 _aLondon :
_bSage Publications Ltd. ,
_c2002, reprinted 2007
300 _axi, 378 p. :
_bill. ;
_c25 cm.
650 0 _aStrategic planning
650 0 _aBusiness planning
700 _aMazzucato, Mariana
_eedt
904 _aA_BOSE
942 _cBK